LIBRARY ONLINE CATALOGUE

Building Security (Record no. 18466)

MARC details
000 -LEADER
fixed length control field 00394nam a22001217a 4500
008 - FIXED-LENGTH DATA ELEMENTS--GENERAL INFORMATION
fixed length control field 200812b xxu||||| |||| 00| 0 eng d
020 ## - INTERNATIONAL STANDARD BOOK NUMBER
International Standard Book Number 0071411714
050 ## - LIBRARY OF CONGRESS CALL NUMBER
Classification number TH9705
Item number .B85 2004 c.1
245 ## - TITLE STATEMENT
Title Building Security
Remainder of title Handbook for architectural planning and design
Statement of responsibility, etc. Edited by Barbara A. Nadel
260 ## - PUBLICATION, DISTRIBUTION, ETC. (IMPRINT)
Place of publication, distribution, etc. New York
Name of publisher, distributor, etc. McGrawHill
Date of publication, distribution, etc. 2004
300 ## - PHYSICAL DESCRIPTION
Extent 3 Vol. (various paging)
942 ## - ADDED ENTRY ELEMENTS (KOHA)
Source of classification or shelving scheme Library of Congress Classification
Koha item type General Collection
Holdings
Withdrawn status Lost status Source of classification or shelving scheme Not for loan Home library Current library Date acquired Cost, normal purchase price Total Checkouts Full call number Barcode Date last seen Price effective from Koha item type
    Library of Congress Classification   Kabarak, Main Campus Kabarak, Main Campus 12/08/2020 10604.00   TH9705 .B85 2004 c.1 030405 12/08/2020 12/08/2020 General Collection
    Library of Congress Classification   Kabarak, Main Campus Kabarak, Main Campus 12/08/2020 10604.00   TH9705 .B85 2004 c.2 030406 12/08/2020 12/08/2020 General Collection
    Library of Congress Classification   Kabarak, Main Campus Kabarak, Main Campus 12/08/2020 10604.00   TH9705 .B85 2004 c.3 030407 12/08/2020 12/08/2020 General Collection